Statystyki dla W jakich krajach żyją słonie ?

Kliknij tutaj aby rozwiązać quiz!

Ogólne statystyki

  • Ten quiz został rozwiązany 15 razy
  • Średni wynik to 10 z 20

Statystyki odpowiedzi

kraje% Poprawnych
indie
77%
kenia
77%
angola
69%
czad
69%
kongo
62%
nigeria
62%
senegal
62%
etiopia
54%
mozambik
54%
namibia
54%
sudan południowy
54%
zambia
54%
zimbabwe
54%
kamerun
46%
tajlandia
46%
botswana
38%
gabon
38%
malawi
38%
erytrea
23%
eswatini
15%

Rozkład punktacji

Percentyl według liczby udzielonych odpowiedzi

Procent ludzi z każdym wynikiem

Twoja historia wyników

Nie rozwiązałeś tego quizu